Leader xxxxxxxxxx
001 __ 102496/0/01
005 __ 20171120175619.261
010 0_ |a9789869220408|b精裝|d新臺幣480元
042 __ |anbic
100 __ |a20171120d2015 a y0chiy50 b
101 0_ |achi
102 __ |atw
105 __ |aab 000yy
200 1_ |a金山ㄨˇㄍㄠˋㄏㄜˋ|e清水溼地小白鶴的故事|f邱銘源,胡妙芬文|g程一心圖
205 __ |a第一版
210 __ |a新北市|c臺灣生態工法發展基金會|d2015[民104]
215 0_ |a1冊|c彩圖,彩色地圖|d22 x 31公分
225 12 |a生態臺灣|v1
300 __ |a主要內容國語注音
517 1_ |a清水溼地小白鶴的故事|zchi
681 __ |a859.4|b8762
700 _1 |a邱|b銘源|c(園藝學),|f1966-
702 _1 |a胡|b妙芬|c(動物學)
702 _1 |a程|b一心|c(繪畫)
801 _0 |atw|bLibDipper|c20171120|gCCR
|